000 00335nam a22001457a 4500
008 210527b ||||| |||| 00| 0 eng d
020 _a0721627870
041 _aeng
080 _a616.12
082 _a616.12
100 _a7
101 _aKARDIO
245 _aHeart and Heart-Lung Transplantation
_cJohn Wallwork
942 _2udc
_cBK
999 _c57735
_d57735